00712cam a2200217 a 450000100100000000500170001000800410002703500190006804000250008704200120011208200170012410000230014124501150016425000110027926000380029030000210032850400350034961000350038465000350041970000400045400001305520251204073702.0771115s1965 ag b 001 0 spa  a(OCoLC)3420727 aDO-SdBNPcFMFIUdDLC apremarc a353.4bG283p1 aGaviola, Carlos A.13aEl Poder de la Suprema Corte de los Estados Unidos /cCarlos A. Gaviola ; prólogo José María Pi Suñer. a2a ed. aBuenos Aires :bArgentina,c1965. a233 p. ;c23 cm. aBibliografía: p. [215] -216.10aESTADOS UNIDOSxSUPREMA CORTE. 0aAdministración de justicia 1 aPi Suñer, José Maríaepról.